000
00290nam a2200121Ia 4500
100
_a
DHANPALVAR MANIK
942
_c
BK
366
_f
50
245
_a
DAKSHIN BHARTATIL MARATHI VADMAYANCHA ITIHAS
260
_b
RAJYA MARATHI VIKAS SANSTHA
_a
Mumbai
_c
1999
300
_a
362
546
_a
MARATHI
999
_c
33396
_d
33396